000 00276nam a2200121Ia 4500
008 240521s1976 xx 000 0 und d
041 _aeng
082 _a711.409
100 _aBACON E.N.
245 _aDESIGN OF CITIES
260 _bPENGUIN BOOKS LTD
_c1976
300 _a336
999 _c1162790
_d1162790